000 00735nam a2200229Ia 4500
005 20220623181626.0
008 210716s1997 xx 000 0 und d
020 _a8178080389
040 _cAIMIT LIBRARY
041 _aeng
082 _a006.6
_22
_bFOLJ
100 _aFoley, James D.
_944844
245 _aComputer graphics:
_bprinciples and practice /
_cBy Foley Van Dam...[et.al.].
250 _a2nd ed.
_bSecond edition in C.
260 _aNew York :
_bAddison Wesley Longman ,
_c1996.
300 _axxiii,1174p. ;
_bPB
_c23.5 cm.
650 _aComputer Graphics.
_944845
700 _aDam, Andries Van.
_944846
700 _aFeiner, Steven K.
_944847
700 _aHughes, John F.
_944848
942 _2ddc
_cBK
_e2nd
_k006.6 FOLJ
999 _c183396
_d183396